Newspaper story : fifty years of the Oregon journal, 1902-1952.

Bibliographic Details
Main Author: Dana, Marshall Newport, 1885-
Format: Book
Language:English
Published: Portland : Oregon Journal, 1951.
Subjects:

MARC

Tag First Indicator Second Indicator Subfields
LEADER 00000cam a2200000 4500
001 in00000075350
005 20151008052628.0
008 770718s1951 orua 00000 eng
010 |a  52009497  
035 |a (OCoLC)03123165 
035 |9 AAH4201AM 
040 |a DLC  |c OUN  |d TXA  |d UtOrBLW 
049 |a TXAM  |c [266824] 
050 0 |a PN4899.P58  |b O68 
092 |a 071.95  |b D169n 
100 1 |a Dana, Marshall Newport,  |d 1885- 
245 1 0 |a Newspaper story :  |b fifty years of the Oregon journal, 1902-1952. 
264 1 |a Portland :  |b Oregon Journal,  |c 1951. 
300 |a 226 pages :  |b illustrations ;  |c 22 cm. 
336 |a text  |b txt  |2 rdacontent 
337 |a unmediated  |b n  |2 rdamedia 
338 |a volume  |b nc  |2 rdacarrier 
630 0 0 |a Oregon journal, Portland. 
740 0 |a Fifty years of the Oregon journal. 
999 |a MARS 
999 f f |s 28a8506f-5f42-3b63-a4c2-fbbadb42df39  |i d3306183-bf82-3ccf-ac6c-cb2505e0698d  |t 0 
952 f f |p ric  |a Texas A&M University  |b Rellis Campus  |c Joint Library Facility  |d Remote Storage  |t 0  |e PN4899.P58 O68  |h Library of Congress classification  |i unmediated -- volume  |m A14800502708 
998 f f |a PN4899.P58 O68  |t 0  |l Remote Storage